| 000 -LEADER |
| fixed length control field |
00625nam a22002297a 4500 |
| 008 - FIXED-LENGTH DATA ELEMENTS--GENERAL INFORMATION |
| fixed length control field |
131125b xxu||||| |||| 00| 0 eng d |
| 020 ## - INTERNATIONAL STANDARD BOOK NUMBER |
| International Standard Book Number |
0421780800 |
| 041 0# - LANGUAGE CODE |
| Language code of text/sound track or separate title |
eng |
| 080 ## - UNIVERSAL DECIMAL CLASSIFICATION NUMBER |
| Universal Decimal Classification number |
343 |
| 240 ## - UNIFORM TITLE |
| Uniform title |
<a href="Sweet&Maxwell's statute series">Sweet&Maxwell's statute series</a> |
| 245 00 - TITLE STATEMENT |
| Title |
Criminal Law : |
| 250 ## - |
| -- |
Fifth edition |
| 260 ## - |
| -- |
London : |
| -- |
Sweet & maxwell ; |
| -- |
2002. |
| 300 ## - |
| -- |
237 f. ; |
| -- |
23 cm. |
| 490 ## - |
| -- |
Sweet & Maxwell's statues series |
| 500 ## - |
| -- |
Preface to the first edition : f. V |
| 505 ## - |
| -- |
Includes indexes |
| 650 #0 - |
| -- |
E drejta penale |
| 650 #0 - |
| -- |
Kriminalistika |
| 700 1# - |
| -- |
I.H. Dennis, |
| 942 ## - ADDED ENTRY ELEMENTS (KOHA) |
| Source of classification or shelving scheme |
|
| Item type |
Books |